000 00640nam a22002297a 4500
005 20240909112447.0
010 _aENG-141280
020 _c380.00
_a9788170589624 (Vol.4)
035 _aEN-124812
037 _bDBAD
082 _a181.45
100 _aAurobindo
_971287
245 _aLetters on yoga /
_cby Aurobindo
246 _b
260 _aPondichery
_bSri Aurobindo Ashram
_c2015
270 _bPondichery
300 _a820p.
_c21cm(Pb)
500 _aIncludes bibliographical references
650 _aYoga -- Letters
_971288
650 _aRealisations of yoga
_971289
942 _2ddc
_cEN
_h181.45
_mAUR
999 _c205699
_d205699